000
00224 a2200097 4500
001
15835
100
_a
Paxton J
245
_a
States man S Year Book 1981-82
260
_a
U.S.A
_b
Dowden Hutchinson
_c
090
_c
12384
_d
12384
942
_a
NUST-CAE
_c
M
_c
2652
999
_c
250908
_d
250908